01137nam a2200193 a 4500001001000000003000400010005001700014008004100031040002500072082003100097110005500128245032700183260011800510610005600628910003700684942001400721952019100735999001700926000033327OSt20201216124721.0110824s1937 dr 000 0 spa d aDO-SdBNPbspacBNPHU 4a355.3 b R426m , 19372221 aRepública DominicanabEjercito Nacional.958919 0aMemoria que al honorable presidente de la República generalisimo doctor Rafael L. Trujillo Molina, benefactor de la patria presenta el mayor general José García, M. M. Secretario de Estado de lo Interior policia. Guerra y Marina, relativa a las labores realizadas en el departamento a su cargo durante el año 1937. aCiudad Trujillo, República Dominicana :bSecretaría de Estado de lo Interior policia. Guerra y Marina,c1937.14aRepública Dominicana.bEjercito Nacional .958697 aValidado. Control de calidad MFF 2ddccLBS1 00102ddc51718RVaBNPHUbPDcHDd2011-08-24iLF1l0o BNPHU PD-RV 355.3 R426m 1937p33327-10r2020-06-25w2020-06-25yLBS1zPerteneció a la biblioteca personal de Julio Ortega Frier c32818d32818